000 00359 a2200169 4500
001 188046
020 _a978-85-260-1110-6
040 _cMagnum
100 _aLima, Edy
240 1 0 _aA vaca deslumbrada
_lpor
245 1 0 _aA vaca deslumbrada
300 _a88
362 0 _a2007
440 1 _aGlobal
697 _aLITERATURA INFANTO-JUVENIL
942 _cBK
999 _c188046
_d188046